[Event "82nd ch-UKR 2013"]
[Site "Kiev UKR"]
[Date "2013.06.15"]
[Round "1.1"]
[White "Moiseenko,A1"]
[Black "Areshchenko,A"]
[Result "1-0"]
[WhiteElo "2711"]
[BlackElo "2708"]

1.d4 Nf6 2.c4 g6 3.Nc3 d5 4.cxd5 Nxd5 5.e4 Nxc3 6.bxc3 Bg7 7.Qa4+ Nd7 8.Nf3 O-O
9.Be2 c5 10.O-O Nb6 11.Qa3 cxd4 12.cxd4 Bg4 13.Bg5 Bxf3 14.Bxf3 Nc4 15.Qxe7 Qxe7
16.Bxe7 Rfe8 17.Bg5 Bxd4 18.Rad1 Bb6 19.Rd5 Rac8 20.Re1 Bd8 21.Bf4 Bc7 22.Bh6 a6
23.g3 b5 24.Kg2 Nb6 25.Rd3 Be5 26.Red1 a5 27.Bg4 Rb8 28.Bg5 h5 29.Be2 b4
30.Rd8 Rexd8 31.Rxd8+ Rxd8 32.Bxd8 Bd4 33.Bb5 a4 34.Bxb6 Bxb6 35.Bxa4 h4
36.gxh4 Bc7 37.Bd1 Kg7 38.h5 f5 39.hxg6 fxe4 40.Bc2 Kxg6 41.f3 Kf6 42.fxe4 Bf4
43.h3 Ke5 44.Kf3 Bh6 45.Ba4 Kd4 46.Be8 Bc1 47.Bg6 Bh6 48.h4 Bc1 49.h5 Bh6
50.Ke2 Bf4 51.Bf5 Bh6 52.Kd1 Bg7 53.Kc2 Kc4 54.Be6+ Kd4 55.Bd5 Kc5 56.Kd3 Bh6
57.Bg8 Bg7 58.Bf7 Be5 59.h6 Bf4 60.h7 Be5 61.Kc2 Bh8 62.Kb3 Kb5 63.Be8+ Kc5
64.Ka4 Bc3 65.Bf7 Bd4 66.Ka5 Bc3 67.Ka6 Be5 68.Kb7 Kd6 69.Kb6  1-0

[Event "17th Petr Izmailov"]
[Site "Tomsk RUS"]
[Date "2013.06.15"]
[Round "5.1"]
[White "Maletin,P"]
[Black "Jumabayev,R"]
[Result "1-0"]
[WhiteElo "2611"]
[BlackElo "2548"]

1.d4 Nf6 2.c4 g6 3.Nc3 d5 4.cxd5 Nxd5 5.e4 Nxc3 6.bxc3 Bg7 7.Nf3 c5 8.Be3 O-O
9.Qd2 Qa5 10.Rc1 cxd4 11.cxd4 Qxd2+ 12.Nxd2 Nc6 13.d5 Nd4 14.Rc4 Nb5 15.e5 e6
16.d6 Bd7 17.a4 Bxe5 18.axb5 Bxb5 19.Rc7 Bxd6 20.Rxb7 Bc6 21.Rb1 Rfb8 22.Rxb8+ Rxb8
23.f3 a5 24.Bc4 a4 25.Ke2 Be5 26.Bc5 Bf4 27.Ba3 Rd8 28.Nb1 Rc8 29.g3 Bh6
30.Rd1 Bg5 31.f4 Bf6 32.Rc1 Rb8 33.Nd2 Ba8 34.Bb5 h5 35.Bxa4 Bd5 36.Bc6 Bxc6
37.Rxc6 Ra8 38.Bd6 Ra2 39.Ke3 g5 40.Ne4 gxf4+ 41.gxf4 Ba1 42.Rc1 f6 43.h4 Kf7
44.Rc7+ Kg6 45.Bf8 Ra8 46.Rg7+ Kh6 47.Ra7+ Rxf8 48.Rxa1 Kg6 49.Ra6  1-0

[Event "17th Petr Izmailov"]
[Site "Tomsk RUS"]
[Date "2013.06.15"]
[Round "5.24"]
[White "Tugarin,A"]
[Black "Zapolsky,Sergey"]
[Result "1-0"]
[WhiteElo "2178"]
[BlackElo "2049"]

1.d4 Nf6 2.c4 g6 3.Nc3 d5 4.cxd5 Nxd5 5.e4 Nxc3 6.bxc3 Bg7 7.Nf3 c5 8.Be3 O-O
9.Rc1 Qc7 10.Qd2 Nc6 11.d5 Ne5 12.Nxe5 Qxe5 13.Bd3 Qd6 14.O-O f5 15.Bf4 Qd8
16.Bg5 Qd6 17.Bf4 Qd8 18.exf5 Bxf5 19.Bc4 Kh8 20.Rfe1 Qd7 21.Qe3 b5 22.Be2 c4
23.Bf3 Rae8 24.Be5 e6 25.g4 Bd3 26.dxe6 Qe7 27.Bc6 Rc8 28.Bxg7+ Kxg7 29.Qd4+ Kh6
30.Bd7 Rc5 31.Re5 Rxe5 32.Qxe5 Qh4 33.Qe3+ Kg7 34.e7  1-0

[Event "17th Petr Izmailov"]
[Site "Tomsk RUS"]
[Date "2013.06.16"]
[Round "6.18"]
[White "Tsepennikova,T"]
[Black "Petrukhina,I"]
[Result "1-0"]
[WhiteElo "2089"]
[BlackElo "2204"]

1.d4 Nf6 2.c4 g6 3.Nc3 d5 4.cxd5 Nxd5 5.e4 Nxc3 6.bxc3 Bg7 7.Nf3 c5 8.Rb1 Nc6
9.d5 Ne5 10.Nxe5 Bxe5 11.Bb5+ Bd7 12.Bxd7+ Qxd7 13.c4 O-O 14.O-O Rab8 15.Be3 Rfc8
16.Qb3 h5 17.f4 Bg7 18.f5 b5 19.fxg6 fxg6 20.cxb5 c4 21.Qa3 c3 22.Bxa7 c2
23.Rbc1 Rxb5 24.Be3 Rc3 25.Qa8+ Kh7 26.Bd2 Rc4 27.Rf7 Qg4 28.Qe8 Rb7 29.Rcf1 Qd1
30.Qf8 Qxf1+ 31.Kxf1 c1=Q+ 32.Bxc1 Rxc1+ 33.Kf2 Rc2+ 34.Kg3 Kh6 35.Qxg7+ Kg5
36.h4+  1-0

[Event "FIDE WGP Dilijan 2013"]
[Site "Dilijan ARM"]
[Date "2013.06.17"]
[Round "2.6"]
[White "Dzagnidze,N"]
[Black "Harika,D"]
[Result "1-0"]
[WhiteElo "2550"]
[BlackElo "2492"]

1.d4 Nf6 2.c4 g6 3.Nc3 d5 4.cxd5 Nxd5 5.e4 Nxc3 6.bxc3 Bg7 7.Be3 c5 8.Rc1 Qa5
9.Qd2 cxd4 10.cxd4 Qxd2+ 11.Bxd2 O-O 12.Nf3 e6 13.Bb5 Bd7 14.Bxd7 Nxd7 15.Rc7 Nf6
16.e5 Ne4 17.Ke2 b5 18.Rb1 Nxd2 19.Nxd2 Rfd8 20.Ke3 Rd5 21.f4 Rad8 22.Nf3 a5
23.Rb7 b4 24.Rc1 R5d7 25.Rxd7 Rxd7 26.Rc8+ Bf8 27.Ra8 Rc7 28.Rxa5 Rc3+ 29.Ke4 Rc2
30.g3 h6 31.Ra8 Kg7 32.Ra7 Kg8 33.g4 Re2+ 34.Kd3 Rg2 35.f5 Rxg4 36.f6 g5
37.Ra8 Rf4 38.Ke3 Rf5 39.Ne1 g4 40.Nd3 h5 41.Nc5 h4 42.Nd7 g3 43.hxg3 h3
44.Rxf8+ Kh7 45.Rxf7+ Kh8 46.Rf8+ Kh7 47.Rc8 Kg6 48.Rh8  1-0

[Event "17th Petr Izmailov"]
[Site "Tomsk RUS"]
[Date "2013.06.17"]
[Round "7.20"]
[White "Fitiak,Sergey"]
[Black "Ainutdinov,A"]
[Result "1-0"]
[WhiteElo "2209"]
[BlackElo "2049"]

1.d4 Nf6 2.c4 g6 3.Nc3 d5 4.cxd5 Nxd5 5.e4 Nxc3 6.bxc3 Bg7 7.Bc4 c5 8.Ne2 O-O
9.O-O Nc6 10.Be3 Bg4 11.f3 Na5 12.Bd3 cxd4 13.cxd4 Be6 14.d5 Bxa1 15.Qxa1 f6
16.Bh6 Re8 17.Kh1 Rc8 18.Nf4 Bd7 19.e5 Nc4 20.e6 Ba4 21.Nxg6 Ne5 22.Nxe5 Qxd5
23.Re1 Red8 24.Re4 Be8 25.Rg4+ Bg6 26.Nxg6 hxg6 27.Rxg6+ Kh7 28.Rxf6+ Qxd3
29.Rf7+ Kxh6 30.Qg7+ Kh5 31.g4+  1-0

[Event "17th Petr Izmailov"]
[Site "Tomsk RUS"]
[Date "2013.06.18"]
[Round "8.38"]
[White "Shulakov,A"]
[Black "Yanuchenko,Polina"]
[Result "1-0"]
[WhiteElo "1981"]
[BlackElo "1848"]

1.d4 Nf6 2.c4 g6 3.Nc3 d5 4.cxd5 Nxd5 5.e4 Nxc3 6.bxc3 Bg7 7.Nf3 c5 8.Be3 O-O
9.Rc1 cxd4 10.cxd4 Nc6 11.d5 Ne5 12.Nxe5 Bxe5 13.Bc4 Qd6 14.Qd2 Qa3 15.O-O Bd7
16.f4 Bb2 17.Rc2 Bg7 18.Bb3 Rac8 19.Rfc1 b6 20.Rc7 Rxc7 21.Rxc7 Rd8 22.Qc2 Bf8
23.Qc3 Bg7 24.e5 Be8 25.d6 e6 26.Rc8  1-0

[Event "17th Petr Izmailov"]
[Site "Tomsk RUS"]
[Date "2013.06.18"]
[Round "8.36"]
[White "Konev,Al"]
[Black "Makarenko,Zakhar"]
[Result "0-1"]
[WhiteElo "2044"]
[BlackElo "1879"]

1.d4 Nf6 2.c4 g6 3.Nc3 d5 4.cxd5 Nxd5 5.e4 Nxc3 6.bxc3 Bg7 7.Be3 c5 8.Qd2 Qa5
9.Rb1 cxd4 10.cxd4 Qxd2+ 11.Kxd2 O-O 12.Bd3 Rd8 13.Nf3 Bg4 14.d5 Bxf3 15.gxf3 b6
16.Rhc1 Nd7 17.Ke2 Be5 18.f4 Bd6 19.e5 Bc5 20.Bd2 e6 21.dxe6 fxe6 22.Bc4 Kf7
23.Rg1 Rac8 24.Bb3 Bd4 25.Bb4 Bc5 26.Bd2 Nb8 27.f5 gxf5 28.Rg5 Nc6 29.Rxf5+ Ke8
30.Rf4 Nd4+ 31.Ke1 Nxb3 32.Rxb3 Rd5 33.Rbf3 Rxe5+ 34.Be3 Rd8 35.Rg4 Rdd5
36.Rg8+ Kd7 37.Rg7+ Kc6 38.Rxa7 Bxe3 39.fxe3 Rh5 40.h3 Rb5 41.Ke2 Ra5 42.Rxa5 Rxa5
43.Rf6 Kd6 44.Rh6 Rxa2+ 45.Kd3 Ra7 46.Rh5 Rc7 47.Kd4 Ra7 48.e4 e5+ 49.Kc4 Ra4+
50.Kb5 Rxe4 51.Rh6+ Kd5 52.Kxb6 Rf4 53.Rxh7 e4 54.h4 e3 55.Rd7+ Ke4 56.h5 e2
57.h6 Rf6+ 58.Kc5 Rxh6 59.Re7+ Kf3 60.Rf7+ Ke3 61.Re7+ Kd2 62.Rd7+ Ke1 63.Kd4 Re6
64.Ra7 Kf2 65.Ra2 Kf1  0-1

[Event "72nd ch-GEO 2013"]
[Site "Tbilisi GEO"]
[Date "2013.06.19"]
[Round "7.5"]
[White "Jojua,D"]
[Black "Mchedlishvili,M"]
[Result "0-1"]
[WhiteElo "2548"]
[BlackElo "2637"]

1.d4 Nf6 2.c4 g6 3.Nc3 d5 4.cxd5 Nxd5 5.e4 Nxc3 6.bxc3 Bg7 7.Qa4+ Nd7 8.Nf3 c5
9.Bg5 O-O 10.Rc1 h6 11.Be3 b6 12.e5 Bb7 13.Ba6 Qc8 14.Bxb7 Qxb7 15.O-O Rfc8
16.Rfd1 b5 17.Qb3 e6 18.h4 a6 19.Qb1 cxd4 20.cxd4 Nb6 21.Nd2 Rxc1 22.Rxc1 Rc8
23.Rxc8+ Qxc8 24.Ne4 Nd5 25.Qc1 Qxc1+ 26.Bxc1 Nb4 27.a3 Nd3 28.Be3 Nb2 29.Bd2 Bf8
30.Nd6 h5 31.Bb4 Nd3 32.Bc5 Be7 33.g3 Kf8 34.Kf1 Bxd6 35.Bxd6+ Ke8 36.Ke2 Nb2
37.Kf3 Na4 38.Bb4 Nb6 39.Ke4 Nd5 40.Ba5 Kd7 41.f3 Kc6 42.g4 Kb7 43.Bb4 Kb6
44.gxh5 gxh5 45.f4 a5 46.Bc5+ Kc6 47.f5 b4 48.axb4 axb4 49.fxe6 fxe6 50.Kd3 Kb5
51.Bf8 Ka4 52.Kc2 Ka3 53.Bc5 Ka2 54.Bxb4 Nxb4+ 55.Kc3 Nd5+ 56.Kc4 Kb2 57.Kc5 Kc3
58.Kd6 Nf4 59.d5 exd5 60.e6 Nxe6 61.Kxd5 Ng7 62.Ke5 Kd3 63.Kf6 Ke4 64.Kxg7 Kf5  0-1

[Event "17th Petr Izmailov"]
[Site "Tomsk RUS"]
[Date "2013.06.19"]
[Round "9.16"]
[White "Tsepennikova,T"]
[Black "Zakhartsov,Vl"]
[Result "1-0"]
[WhiteElo "2089"]
[BlackElo "2319"]

1.d4 Nf6 2.c4 g6 3.Nc3 d5 4.cxd5 Nxd5 5.e4 Nxc3 6.bxc3 Bg7 7.Nf3 c5 8.Rb1 O-O
9.Be2 b6 10.O-O Qc7 11.Be3 Bb7 12.d5 Bxc3 13.Bh6 Rd8 14.Qb3 Bg7 15.Be3 Nd7
16.Rfc1 Rab8 17.Ng5 Ne5 18.f4 h6 19.Nh3 Nd7 20.Bc4 Nf6 21.Nf2 e6 22.dxe6 Nxe4
23.exf7+ Kh7 24.Qc2 Nc3 25.Rb3 Nd5 26.f5 Nxe3 27.fxg6+ Kh8 28.Rxe3 Bd4 29.Qe2 Qc6
30.Rg3 Kg7 31.Qe7 Rf8 32.Rd1 Qf6 33.Qxf6+ Bxf6 34.Nd3 Rbd8 35.Re1 Rd4 36.Rf1 Bh4
37.Nf4 Rxf4 38.Rxf4 Bxg3 39.hxg3 Kxg6 40.Rg4+ Kf6 41.Rg8 Ke7 42.Rg6 b5 43.Bxb5 Rxf7
44.Rxh6 Bd5 45.Ra6 Kf8 46.Ra4 Re7 47.Kf2 Bf7 48.g4 Kg7 49.Kf3 Bd5+ 50.Kf4 c4
51.g5 c3 52.Bd3 Rc7 53.Bc2 Bc4 54.g6 Bb5 55.Rb4 Be8 56.Ke3 Bc6 57.Rh4 Re7+
58.Kd4 Bxg2 59.Rh7+ Kf6 60.Rxe7 Kxe7 61.Kxc3 Kf6 62.Kb4 Bc6 63.Ka5 Bd5 64.a3 Bc4
65.a4 Be2 66.Be4 Bf1 67.Kb4 Bh3 68.a5 Bd7 69.Kc5 Be8 70.Kd6 Bb5 71.Kc7 Bc4
72.Kb7 a6 73.Kb6 Be2 74.Bb7 Kxg6 75.Bxa6 Bf3 76.Bb5 Kf5 77.a6 Ke5 78.Bc6  1-0

[Event "7th Varna Open 2013"]
[Site "Varna BUL"]
[Date "2013.06.20"]
[Round "2.10"]
[White "Ivelinov,H"]
[Black "Drenchev,P"]
[Result "0-1"]
[WhiteElo "2180"]
[BlackElo "2485"]

1.d4 Nf6 2.c4 g6 3.Nc3 d5 4.cxd5 Nxd5 5.e4 Nxc3 6.bxc3 Bg7 7.Qa4+ Nd7 8.Nf3 O-O
9.Bg5 c5 10.Rd1 h6 11.Be3 Qc7 12.Qa3 Nf6 13.e5 Nd5 14.Bd2 Bg4 15.Be2 Rfc8
16.h3 Bf5 17.c4 Nb6 18.d5 Nd7 19.d6 exd6 20.exd6 Qc6 21.O-O Re8 22.Bd3 Bxh3
23.Bc2 Be6 24.Bc3 Bxc3 25.Qxc3 Bg4 26.Nh2 Bxd1 27.Rxd1  0-1

[Event "V4 Liptov IM 2013"]
[Site "Liptovsky Mikulas SVK"]
[Date "2013.06.21"]
[Round "2.4"]
[White "Jozefek,M"]
[Black "Gazik,I"]
[Result "1-0"]
[WhiteElo "2207"]
[BlackElo "2319"]

1.d4 Nf6 2.c4 g6 3.Nc3 d5 4.cxd5 Nxd5 5.e4 Nxc3 6.bxc3 Bg7 7.Bc4 c5 8.Ne2 O-O
9.O-O Nc6 10.Be3 Qc7 11.Rc1 Rd8 12.Qd2 a6 13.a4 Na5 14.Ba2 c4 15.f4 e6 16.Rb1 Qc6
17.Ng3 Qxa4 18.f5 exf5 19.exf5 Nb3 20.Qf2 Bxf5 21.Nxf5 gxf5 22.Rb2 Qa5 23.Rc2 Re8
24.Qg3 Re4 25.Bb1 Rae8 26.Bf4 Qb6 27.Rcf2 Qg6 28.Bxe4 fxe4 29.Qh3 b5 30.Be5 Bxe5
31.dxe5 Re7 32.Rf4 Rxe5 33.Qc8+ Kg7 34.Qc7 Re8  1-0

[Event "8th Teplice Open 2013"]
[Site "Teplice CZE"]
[Date "2013.06.21"]
[Round "7.69"]
[White "Kirchner,Michal"]
[Black "Kuchar,Tomas"]
[Result "0-1"]
[WhiteElo "1568"]
[BlackElo "1792"]

1.d4 Nf6 2.c4 g6 3.Nc3 d5 4.cxd5 Nxd5 5.e4 Nxc3 6.bxc3 Bg7 7.Bc4 c5 8.Ne2 Nc6
9.Be3 cxd4 10.cxd4 O-O 11.O-O Na5 12.Bd3 b6 13.Rc1 Bb7 14.d5 Qd7 15.Qd2 Rfd8
16.Rfd1 Rac8 17.Rxc8 Rxc8 18.Rc1 Rxc1+ 19.Qxc1 e6 20.Nd4 exd5 21.Bb5 Qd6
22.e5 Bxe5 23.f4 Bg7 24.Bd3 Qc5 25.Nb5 Qxc1+ 26.Bxc1 Nc6 27.Nd6 Ba8 28.Bd2 Bd4+
29.Kf1 Bc5 30.Ne8 Nb4 31.Bb1 Bc6 32.Nf6+ Kg7 33.Ng4 Bb5+ 34.Ke1 Nd3+ 35.Kd1 Nf2+
36.Nxf2 Bxf2 37.Bb4 Bc5 38.Be1 Be3 39.g3 d4 40.Bc2 Bc4 41.Bb1 f5 42.Kc2 Kf6
43.h4 Ke6 44.a4 Kd5 45.Kb2 a6 46.h5 b5 47.h6 Kc5  0-1

[Event "66th ch-RUS HL"]
[Site "Yekaterinburg RUS"]
[Date "2013.06.21"]
[Round "2.5"]
[White "Najer,E"]
[Black "Inarkiev,E"]
[Result "0-1"]
[WhiteElo "2633"]
[BlackElo "2680"]

1.d4 Nf6 2.c4 g6 3.Nc3 d5 4.cxd5 Nxd5 5.e4 Nxc3 6.bxc3 Bg7 7.Qa4+ Nd7 8.Nf3 O-O
9.Be2 c5 10.Qa3 b6 11.O-O Bb7 12.e5 Qc7 13.Be3 a6 14.Qb2 Rfc8 15.Rfc1 Bd5
16.a4 cxd4 17.cxd4 Qb7 18.Ne1 e6 19.f3 Rxc1 20.Rxc1 Rc8 21.Rxc8+ Qxc8 22.Kf2 Bf8
23.Nd3 Bc4 24.Qc2 b5 25.axb5 axb5 26.Nb2 Nb6 27.d5 Bc5 28.Nxc4 Nxd5 29.Kg3 bxc4
30.Bxc5 Qxc5 31.Qxc4 Qg1 32.f4 Ne3 33.Qe4 Qe1+ 34.Kf3 Nf5 35.Qd3 h5 36.Qd1 Qh4
37.g3 Qxh2 38.Qd8+ Kh7  0-1

[Event "Gold Coast Open 2013"]
[Site "Gold Coast AUS"]
[Date "2013.06.23"]
[Round "4"]
[White "Liu,Yi"]
[Black "Ftacnik,L"]
[Result "0-1"]
[WhiteElo "2175"]
[BlackElo "2543"]

1.d4 Nf6 2.c4 g6 3.Nc3 d5 4.cxd5 Nxd5 5.e4 Nxc3 6.bxc3 Bg7 7.Bg5 c5 8.Rc1 O-O
9.d5 Qd6 10.Bc4 Qe5 11.Nf3 Qxe4+ 12.Be2 Nd7 13.O-O Nf6 14.c4 Qf5 15.Re1 Qd7
16.Ne5 Qc7 17.Bf3 Ne4 18.Rxe4 Bxe5 19.Qe2 Bxh2+ 20.Kh1 Bd6 21.Bxe7 Bxe7 22.Rxe7 Qd6
23.Qe5 Qxe5 24.Rxe5 Rd8 25.Rd1 Rb8 26.d6 b6 27.d7 Ba6 28.Be2 Bb7 29.Rd6 Kf8
30.Bd1 Ba6 31.Bb3 Rb7 32.Ba4 b5 33.Rxa6 bxa4 34.Rxc5 Rdxd7 35.Rb5 Rbc7 36.Rxa4 Rd2
37.f3 Re7 38.Rb8+ Kg7 39.Rb1 Ree2 40.Rxa7 Rxg2 41.a4 h5 42.Rd7 Rh2+ 43.Kg1 Rdg2+
44.Kf1 Ra2 45.Kg1 Rhc2 46.Ra7 h4  0-1

[Event "Malaysian Masters Men 2013"]
[Site "Kuala Lumpur MAS"]
[Date "2013.06.23"]
[Round "3.5"]
[White "Aron,Teh Eu Wen"]
[Black "Fong Yit San"]
[Result "1-0"]
[WhiteElo "1981"]
[BlackElo "2049"]

1.d4 Nf6 2.c4 g6 3.Nc3 d5 4.cxd5 Nxd5 5.e4 Nxc3 6.bxc3 Bg7 7.Nf3 c5 8.Rb1 O-O
9.Be2 cxd4 10.cxd4 Qa5+ 11.Qd2 Qxd2+ 12.Bxd2 Nc6 13.d5 Nd4 14.Nxd4 Bxd4 15.Bb4 Bf6
16.f4 a5 17.Bc5 Bc3+ 18.Kf2 Bb4 19.Bxb4 axb4 20.Bc4 b5 21.Bb3 Bb7 22.Rhc1 Rfc8
23.Rxc8+ Rxc8 24.Ke3 Kf8 25.Rb2 e6 26.dxe6 f5 27.exf5 gxf5 28.Rd2 Rc3+ 29.Kf2 Bc8
30.Re2 Ke7 31.Re5 Rc7 32.Rxf5 Kd6 33.Rxb5  1-0

[Event "TCh-SUI 2013"]
[Site "Switzerland SUI"]
[Date "2013.06.23"]
[Round "5.8"]
[White "Regez,M"]
[Black "Kaczmarczyk,D"]
[Result "1-0"]
[WhiteElo "2180"]
[BlackElo "2371"]

1.d4 Nf6 2.c4 g6 3.Nc3 d5 4.cxd5 Nxd5 5.e4 Nxc3 6.bxc3 Bg7 7.Nf3 c5 8.Rb1 O-O
9.Be2 cxd4 10.cxd4 Qa5+ 11.Bd2 Qxa2 12.O-O Bg4 13.Bg5 h6 14.Bh4 Rd8 15.d5 g5
16.Bg3 Na6 17.Rxb7 Nc5 18.Rb4 a5 19.Rc4 Rac8 20.h4 Bxf3 21.gxf3 a4 22.hxg5 hxg5
23.Rc2 Qa3 24.e5 Qb4 25.Kg2 a3 26.Rh1 Qa4 27.Qc1 Rxd5 28.Rc4 Qa7 29.Qxg5 Rc6
30.Rg4 Rg6 31.Qh5 Rxg4 32.Qxg4 e6 33.Bh4 f5 34.exf6 a2 35.Bc4 Rd2 36.Bxe6+ Nxe6
37.Qxe6+ Kf8 38.Qc8+ Kf7 39.fxg7 Kxg7 40.Qg4+  1-0

[Event "66th ch-RUS HL"]
[Site "Yekaterinburg RUS"]
[Date "2013.06.23"]
[Round "4.1"]
[White "Goganov,A"]
[Black "Inarkiev,E"]
[Result "1/2-1/2"]
[WhiteElo "2562"]
[BlackElo "2680"]

1.d4 Nf6 2.c4 g6 3.Nc3 d5 4.cxd5 Nxd5 5.e4 Nxc3 6.bxc3 Bg7 7.Nf3 c5 8.Rb1 O-O
9.Be2 cxd4 10.cxd4 Qa5+ 11.Bd2 Qxa2 12.O-O Nc6 13.d5 Na5 14.Bb4 Bg4 15.h3 Bxf3
16.Bxf3 Rfe8 17.Qe2 Qa4 18.e5 Nb3 19.Qe3 Qxb4 20.Rxb3 Qc4 21.Rxb7 Rab8 22.Rxb8 Rxb8
23.Re1 Qc7 24.h4 Qb6 25.Qf4 Qb4 26.Qxb4 Rxb4 27.d6 exd6 28.exd6 Rd4 29.Rd1 Kf8
30.Rxd4 Bxd4 31.Bc6 Bc5 32.d7 Ke7 33.Kf1 h6 34.Ke2 g5 35.hxg5 hxg5 36.g4 f6
37.f3 Bb6 38.Kd3 Kd6 39.Be4 Kxd7 40.Kc4 Kd6 41.Kb3 Ke5  1/2-1/2

[Event "III Marcel Duchamp Boca Jun Op"]
[Site "Buenos Aires ARG"]
[Date "2013.06.24"]
[Round "4.36"]
[White "Ennis Marcos,Alan"]
[Black "Artana,Rodrigo"]
[Result "0-1"]
[WhiteElo "1677"]
[BlackElo "1980"]

1.c4 Nf6 2.Nc3 g6 3.d4 d5 4.cxd5 Nxd5 5.e4 Nxc3 6.bxc3 Bg7 7.Nf3 c5 8.Rb1 O-O
9.Be2 Nd7 10.O-O b6 11.Be3 Bb7 12.Nd2 Qc7 13.Bd3 Rad8 14.Qe2 Nb8 15.Rfc1 Nc6
16.Nb3 Qd6 17.f4 cxd4 18.e5 Nxe5 19.fxe5 Bxe5 20.Bh6 Bxh2+ 21.Kh1 Rfe8 22.Bb5 Qg3
23.Bxe8 Qh3 24.Bxf7+ Kxf7 25.Rf1+ Kg8 26.Qc4+ e6 27.Rf3 Bxf3 28.gxf3 Bg3+  0-1

[Event "6th Karen Asrian Mem"]
[Site "Jermuk ARM"]
[Date "2013.06.24"]
[Round "9.14"]
[White "Kotanjian,T"]
[Black "Gaboyan,S"]
[Result "1-0"]
[WhiteElo "2529"]
[BlackElo "2019"]

1.d4 Nf6 2.c4 g6 3.Nc3 d5 4.cxd5 Nxd5 5.e4 Nxc3 6.bxc3 Bg7 7.Qa4+ c6 8.Nf3 O-O
9.Be2 b5 10.Qa3 a5 11.Bg5 Re8 12.O-O Nd7 13.Rfd1 Bb7 14.Rab1 Qc7 15.c4 b4
16.Qe3 c5 17.d5 a4 18.Bf4 Qa5 19.e5 f6 20.h4 e6 21.d6 Bxf3 22.Bxf3 fxe5 23.Bg5 e4
24.Bxe4 Ra7 25.h5 b3 26.axb3 a3 27.hxg6 a2 28.gxh7+ Kh8 29.Ra1 Qc3 30.Qxc3 Bxc3
31.Bc6 Bxa1 32.Rxa1 Kxh7 33.Ba4 Kg6 34.Be3 Rc8 35.Rxa2 Kf6 36.g3 Nb6 37.Kg2 Nxa4
38.Rxa4 Rxa4 39.bxa4 Rc6 40.a5 Rxd6 41.Bxc5 Rc6 42.Be3 Rxc4 43.a6 Ra4 44.a7 Kf5
45.Kf3 Ra2 46.g4+ Ke5 47.Kg3 Kf6 48.Kf4 Ra4+ 49.Kf3 Ke5 50.g5 Kf5 51.Ke2 Ra3
52.Kd2 e5 53.Kc2 Ke6 54.Kb2 Ra6 55.Kb3 Kd7 56.g6 Ke6 57.Kb4 Kf6 58.Kb5 Ra1
59.Kc6  1-0

[Event "63rd ch-RUS HL w"]
[Site "Yekaterinburg RUS"]
[Date "2013.06.24"]
[Round "5.10"]
[White "Iljushina,O"]
[Black "Korchagina,V"]
[Result "1-0"]
[WhiteElo "2334"]
[BlackElo "2068"]

1.d4 Nf6 2.c4 g6 3.Nc3 d5 4.cxd5 Nxd5 5.e4 Nxc3 6.bxc3 Bg7 7.Be3 c5 8.Qd2 Qa5
9.Rc1 cxd4 10.cxd4 Qxd2+ 11.Kxd2 O-O 12.Nf3 Rd8 13.Bb5 Bd7 14.Bxd7 Nxd7 15.Rc7 b6
16.Rhc1 Nb8 17.Rh1 Nd7 18.Rhc1 Nc5 19.Ke2 Nxe4 20.Rxe7 Re8 21.Rxe8+ Rxe8
22.Rc7 a5 23.Kd3 f5 24.a4 Rd8 25.Kc4 Nd6+ 26.Kb3 Ne4 27.Rc6 f4 28.Bxf4 Bxd4
29.Bc7 Rd7 30.Nxd4 Rxd4 31.Bxb6 Rb4+ 32.Ka3 Nc3 33.Rxc3 Rxb6 34.Rc5 Re6 35.Rxa5 Re2
36.Rg5 Rxf2 37.a5 Rf1 38.Kb4 Ra1 39.Kb5 Rb1+ 40.Kc6 Ra1 41.Kb6 Kf7 42.a6 Kf6
43.Ra5 Rb1+ 44.Rb5 Ra1 45.a7  1-0

[Event "82nd ch-UKR 2013"]
[Site "Kiev UKR"]
[Date "2013.06.25"]
[Round "10.5"]
[White "Neverov,V"]
[Black "Volokitin,And"]
[Result "0-1"]
[WhiteElo "2515"]
[BlackElo "2687"]

1.d4 Nf6 2.c4 g6 3.Nc3 d5 4.cxd5 Nxd5 5.e4 Nxc3 6.bxc3 Bg7 7.Nf3 c5 8.Rb1 O-O
9.Be2 b6 10.O-O Qc7 11.Bg5 Bb7 12.Qd3 Ba6 13.Qe3 Bxe2 14.Qxe2 e6 15.Qe3 Nd7
16.Bh6 Nf6 17.Bxg7 Kxg7 18.Rbc1 Rac8 19.Ne5 Qb7 20.f3 Qa6 21.Qd2 Rfd8 22.Qb2 Qa4
23.Qb3 Qxb3 24.axb3 Nd7 25.Nxd7 Rxd7 26.dxc5 Rxc5 27.Rc2 a5 28.Kf2 Rd3 29.Rfc1 f5
30.exf5 exf5 31.Ke2 Rcd5 32.f4 Kh6 33.Rf1 Kh5 34.Rf3 Rxf3 35.Kxf3 Rd1 36.b4 axb4
37.cxb4 Rd3+ 38.Ke2 Rd4 39.b5 Rb4 40.Rc7 h6 41.Rc6 Rxb5 42.h3 g5 43.fxg5 hxg5
44.g3 Rb2+ 45.Kf3 g4+ 46.hxg4+ fxg4+ 47.Ke4 Rb3 48.Rc8 Rxg3 49.Rh8+ Kg5 50.Rg8+ Kf6
51.Kf4 Rb3 52.Kxg4 Ke5 53.Re8+ Kd4 54.Kf4 b5 55.Rd8+ Kc4 56.Ke4 Rc3 57.Rd4+ Kb3  0-1

[Event "FIDE WGP Dilijan 2013"]
[Site "Dilijan ARM"]
[Date "2013.06.26"]
[Round "9.3"]
[White "Khotenashvili,B"]
[Black "Harika,D"]
[Result "1/2-1/2"]
[WhiteElo "2531"]
[BlackElo "2492"]

1.d4 Nf6 2.c4 g6 3.Nc3 d5 4.cxd5 Nxd5 5.e4 Nxc3 6.bxc3 Bg7 7.Qa4+ Nd7 8.Nf3 O-O
9.Bg5 c5 10.Rc1 a6 11.Qa3 b6 12.Bd3 h6 13.Be3 e5 14.d5 f5 15.c4 Qe7 16.Rb1 Bb7
17.Bc2 b5 18.Qa5 f4 19.Bd2 Qd6 20.O-O g5 21.h3 Bf6 22.cxb5 axb5 23.Qxb5 Rfb8
24.Ba4 Nf8 25.Qb6 Qxb6 26.Rxb6 Rxa4 27.Rxf6 Ba6 28.Re1 Bd3 29.Nxe5 Bxe4 30.Nc6 Rb7
31.Bc3 Rf7 32.Rxh6 Rh7 33.Rd6 g4 34.hxg4 Rc4 35.Bd2 f3 36.g3 Rc2 37.Rxe4 Rxd2
38.Re1 Re2 39.Rc1 Nd7 40.Re6 Rxa2 41.Re8+ Kg7 42.Rce1 Nf6 43.R1e7+ Kh6 44.Rxh7+ Kxh7
45.Re7+ Kg8 46.Ne5 Ra1+ 47.Kh2 Re1 48.Re6 Nxd5 49.Rg6+ Kh7 50.Rg5 Rf1 51.Nd3 c4
52.Rxd5 cxd3 53.Rxd3 Rxf2+ 54.Kg1 Rg2+ 55.Kf1 Rxg3 56.Kf2 Rxg4 57.Kxf3  1/2-1/2

[Event "7th Varna Open 2013"]
[Site "Varna BUL"]
[Date "2013.06.26"]
[Round "8.8"]
[White "Ivelinov,H"]
[Black "Chatalbashev,B"]
[Result "0-1"]
[WhiteElo "2180"]
[BlackElo "2560"]

1.d4 Nf6 2.c4 g6 3.Nc3 d5 4.cxd5 Nxd5 5.e4 Nxc3 6.bxc3 Bg7 7.Qa4+ Nd7 8.Nf3 O-O
9.Be2 c5 10.O-O Nb6 11.Qd1 Bg4 12.Be3 Qc7 13.Rc1 Rad8 14.Qd2 Bxf3 15.gxf3 f5
16.Bh6 Bxh6 17.Qxh6 fxe4 18.fxe4 cxd4 19.cxd4 Qf4 20.Qxf4 Rxf4 21.f3 Rxd4
22.Rc7 Rd2 23.Bd1 Kf8 24.Bb3 Rd7 25.Rc5 Rd3 26.Rc7 Nd7 27.Rd1 Ne5 28.Rxd3 Nxd3
29.Rxb7 Rxf3 30.Rxa7 Re3 31.Bd5 h5 32.h4 Nf4 33.Bc6 Rc3 34.Ra6 Kf7 35.a4 Kf6
36.Kf2 Nd3+ 37.Ke3 Nb4+ 38.Kd4 Rxc6 39.Rxc6+ Nxc6+ 40.Kc5 Nb8 41.Kb6 g5 42.hxg5+ Kxg5
43.Kc7 Na6+ 44.Kb6 h4 45.Kxa6 h3  0-1

[Event "66th ch-RUS HL"]
[Site "Yekaterinburg RUS"]
[Date "2013.06.27"]
[Round "7.18"]
[White "Gordievsky,D"]
[Black "Artemiev,V"]
[Result "1/2-1/2"]
[WhiteElo "2474"]
[BlackElo "2524"]

1.d4 Nf6 2.c4 g6 3.Nc3 d5 4.cxd5 Nxd5 5.e4 Nxc3 6.bxc3 Bg7 7.Nf3 c5 8.Rb1 O-O
9.Be2 b6 10.O-O e6 11.Bg5 Qc7 12.Qd2 Bb7 13.Qe3 Nd7 14.e5 Rfc8 15.Rfc1 a6
16.Bh6 b5 17.Bxg7 Kxg7 18.h4 Nb6 19.h5 Nd5 20.Qg5 h6 21.Qg3 c4 22.Nd2 g5
23.Bf3 Nf4 24.Re1 Bxf3 25.Qxf3 Nd5 26.Ne4 Rd8 27.g3 Qe7 28.Kh2 Rab8 29.Nc5 a5
30.a3 Rb6 31.Rb2 Rdb8 32.Rc2 Rc8 33.Rb1 Rcb8 34.Re1 Kg8 35.Ra1 Kg7 36.Qe2 Qd8
37.a4 b4 38.cxb4 Rxb4 39.Na6 Rb1 40.Rxb1 Rxb1 41.Qxc4 g4 42.Rc1 Rb2 43.Rc2 Rb1
44.Rc1 Nb6 45.Qc2 Rxc1 46.Qxc1 Qxd4 47.Qc5 Qxc5 48.Nxc5 Nc4 49.Nd7 Nb2 50.Nc5 Nc4
51.Nd7  1/2-1/2

[Event "DC International"]
[Site "Arlington USA"]
[Date "2013.06.28"]
[Round "4.32"]
[White "Sinha,Sahil"]
[Black "Zheng,Andrew"]
[Result "1-0"]
[WhiteElo "1898"]
[BlackElo "2088"]

1.d4 Nf6 2.c4 g6 3.Nc3 d5 4.cxd5 Nxd5 5.e4 Nxc3 6.bxc3 Bg7 7.Bc4 c5 8.Ne2 Nc6
9.Be3 O-O 10.O-O Bg4 11.f3 Na5 12.Bd3 cxd4 13.cxd4 Be6 14.d5 Bxa1 15.Qxa1 f6
16.Bh6 Re8 17.Kh1 a6 18.Nf4 Bf7 19.e5 Bxd5 20.Rd1 e6 21.Be4  1-0

[Event "9th Prague Festival IM"]
[Site "Prague CZE"]
[Date "2013.06.28"]
[Round "7.3"]
[White "Cech,P"]
[Black "Bednar,Ma"]
[Result "1/2-1/2"]
[WhiteElo "2405"]
[BlackElo "2283"]

1.d4 Nf6 2.c4 g6 3.Nc3 d5 4.cxd5 Nxd5 5.e4 Nxc3 6.bxc3 Bg7 7.Nf3 c5 8.Rb1 O-O
9.Be2 Nc6 10.d5 Bxc3+ 11.Bd2 Bxd2+ 12.Qxd2 Nd4 13.Nxd4 cxd4 14.Qxd4 Qa5+
15.Qd2 Qxd2+ 16.Kxd2 f5 17.e5 Rd8 18.Ke3 b6  1/2-1/2

[Event "63rd ch-RUS HL w"]
[Site "Yekaterinburg RUS"]
[Date "2013.06.28"]
[Round "8.6"]
[White "Drozdova,D"]
[Black "Pustovidko,Anastasia"]
[Result "1-0"]
[WhiteElo "2315"]
[BlackElo "1905"]

1.d4 Nf6 2.c4 g6 3.Nc3 d5 4.cxd5 Nxd5 5.e4 Nxc3 6.bxc3 Bg7 7.Bc4 c5 8.Ne2 O-O
9.Be3 cxd4 10.cxd4 Qa5+ 11.Kf1 Nc6 12.Rc1 Rd8 13.h4 h5 14.f3 Qb6 15.Rb1 Qc7
16.Bf4 e5 17.Bg5 Nxd4 18.Bxd8 Qxc4 19.Bg5 b6 20.Kf2 Qxa2 21.Qd2 Qxd2 22.Bxd2 Nxe2
23.Kxe2 Ba6+ 24.Kf2 Bc4 25.Rhc1 b5 26.Ra1 Bf8 27.Ra6 Rd8 28.Be3 Rd3 29.Rc2 Kh7
30.Rxa7 Rd1 31.Rb7 Rf1+ 32.Kg3 Bb4 33.Bg5 Bc5 34.Rc1 Bf2+ 35.Kh3 Be6+ 36.Kh2 Rxc1
37.Bxc1 Bxh4 38.Rxb5 Bd8 39.Bb2 f6 40.Rb8 Ba5 41.Ra8 Bd2 42.Ra6 Bf7 43.Rxf6 Kg8
44.Bxe5 Bh6 45.Rb6 Kf8 46.f4 Ke7 47.g3 Kd7 48.Rb8 Be8 49.Rb7+ Ke6 50.Rb6+ Kf7
51.f5  1-0

[Event "66th ch-RUS HL"]
[Site "Yekaterinburg RUS"]
[Date "2013.06.28"]
[Round "8.15"]
[White "Ovetchkin,R"]
[Black "Gabrielian,A"]
[Result "1/2-1/2"]
[WhiteElo "2529"]
[BlackElo "2545"]

1.d4 Nf6 2.c4 g6 3.Nc3 d5 4.cxd5 Nxd5 5.e4 Nxc3 6.bxc3 Bg7 7.Nf3 c5 8.Bb5+ Nd7
9.O-O O-O 10.a4 Nf6 11.Re1 cxd4 12.cxd4 Bg4 13.Ba3 Rc8 14.h3 Bxf3 15.Qxf3 a6
16.Bf1 Qxd4 17.Bxe7 Rc3 18.Qd1 Qxd1 19.Raxd1 Re8 20.Rd8 Rxd8 21.Bxd8 Rc8
22.Ba5 Nd7 23.Rd1 Nc5 24.Rc1 Rc6 25.Rc4 Bf8 26.Bd2 Nb3 27.Rxc6 bxc6 28.Be3 a5
29.Bd3 Bb4 30.Kf1 c5 31.Ke2 Nd4+ 32.Kd1 h5 33.Bc4 Kf8 34.Bg5 Ke8 35.Bf6 Bc3
36.f3 Bb4 37.h4 Kf8 38.g4 Nxf3 39.gxh5 gxh5 40.Ke2 Nh2 41.Be5 Ng4 42.Bg3 Ke7
43.Kd3 f6 44.Bb3 Ne5+  1/2-1/2